Statistics for Cast of The Greatest Showman

Click here to take the quiz!

General Stats

  • This quiz has been taken 7 times
  • The average score is 5 of 14

Answer Stats

HintAnswer% Correct
P.T BarnumHugh Jackman
100%
Philip CarlyleZac Efron
86%
Anne WheelerZendaya
71%
Charity BarnumMichelle Williams
43%
Jenny LindRebecca Ferguson
29%
Caroline BarnumAustyn Johnson
14%
Helen BarnumCameron Seely
14%
Young P.TEllis Rubin
14%
Benjamin HallettFredric Lehne
14%
Lettie LutzKeala Settle
14%
James Gordon BennettPaul Sparks
14%
Charles StrattonSam Humphrey
14%
Young CharitySkylar Dunn
14%
W.D WheelerYahya Abdul-Mateen
14%

Score Distribution

Percentile by Number Answered

Percent of People with Each Score

Your Score History

You have not taken this quiz